Comment s'appelle le bâtiment qui sert à... - Statistiques

Statistiques générales
  • Ce quiz a été pris 163 fois
  • Le résultat moyen est 9 sur 15
Statistiques - réponses
Comment s'appelle le bâtiment qui sert à... Bâtiment % Correct
...se cacher sous terre en cas d'apocalypse? Bunker
91%
...entreposer sa voiture? Garage
85%
...faire découvrir les animaux marins au publicen les exposant dans des bassins? Aquarium
84%
...guider les bateaux vers la terre? Phare
83%
...prendre des bains de vapeur? Hammam
78%
...prier dans la religion juive? Synagogue
77%
...apprendre la pratique des arts martiaux? Dojo
74%
...incinérer les défunts? Crématorium
68%
...garder les chiens? Chenil
66%
...jouer à la pétanque? Boulodrome
55%
...regarder les étoiles? Observatoire
48%
...nettoyer son linge en plein air? Lavoir
45%
...travailler les métaux? Forge
38%
...entreposer les déchets? Décharge
34%
...entreposer la matériel pour lutter contre le feu? Caserne de pompiers
13%
Aucun quiz correspondant
Distribution des résultats
% des personnes avec chaque résultat
Percentile par nombre de réponses
Votre historique - résultats
Vous n’avez pas pris ce quiz